Top 20 Best Countries in the World - Statistics

General Stats
  • This quiz has been taken 36 times
  • The average score is 16 of 20
Answer Stats
Hint Answer % Correct
2 France
100%
3 Brazil
97%
8 Italy
94%
11 USA
91%
15 Germany
89%
10 Spain
89%
1 Argentina
86%
12 Mexico
86%
20 Japan
83%
7 Netherlands
83%
9 Portugal
83%
16 Uruguay
83%
17 Colombia
80%
13 Switzerland
80%
5 Belgium
74%
4 England
74%
19 Denmark
69%
14 Morocco
54%
6 Croatia
51%
18 Senegal
46%
No matching quizzes found
Score Distribution
Percent of People with Each Score
Percentile by Number Answered
Your Score History
You have not taken this quiz